Word Ladder: The Lord's Prayer Quiz Stats

 Plays Quiz Updated Mar 13, 2018

Score 0/34 Timer 03:00
0 Plays Today
Clue 3-Letter Word % Correct
Not near; a long way offFAR
96.9%
Plump or well-fed✞FAT✞
96.7%
A dog or cat, for examplePET
95.8%
Thick hair of an animal, like a mink or rabbitFUR
95.4%
'Wheel of Fortune' host SajakPAT
92.7%
Informal helloHEY
89.2%
Painting, music, film, and theater, for example✞ART✞
87.3%
A container for holding flowers or plantsPOT
86.1%
Question word used to inquire about a cause for somethingWHY
85.8%
Cut grass that feeds rabbitsHAY
85.6%
Insect who often lives in a farmANT
84.5%
A popular 'raggedy' dollANN
83.5%
Latin preposition meaning 'for each'PER
83.1%
2013 Joaquin Phoenix computer love story✞HER✞
82.8%
'My Generation' and 'Baba O'Riley' band✞WHO✞
81.5%
First person plural possessive pronoun✞OUR✞
81.4%
A lodge that serves food and drink✞INN✞
81%
Clue 3-Letter Word % Correct
A baseball team gets three of these per inningOUT
80.9%
A female chicken or lobsterHEN
80.7%
To move something to a specific locationPUT
79.2%
Nickname for 'Playboy' founder Hugh✞HEF✞
78%
An atom with an unequal number of protons and electronsION
77.4%
A judge for a sporting eventREF
76.7%
A term of endearment for your honeyHON
76%
An appendage on a fish or dolphin✞FIN✞
75.7%
Motion or momentum in the waterWAY
75.6%
Cartoon partner of StimpyREN
72.2%
The Greek letter 'Φ,' equivalent to 'ph'PHI
71.8%
Native Hawaiian food made from mashed taroPOI
69.1%
Comedienne MargaretCHO
65.9%
A type of wetland, similar to a bogFEN
65.6%
To make a choiceOPT
62.4%
Unusually intelligent; inclined to learn quicklyAPT
62%
The Greek equivalent to 'Χ'CHI
61.5%

Today's Daily Dose

You're not logged in!

Compare scores with friends on all Sporcle quizzes.
OR
Log In

You Might Also Like...

Show Comments

Extras

Top Quizzes Today


Score Distribution

Your Account Isn't Verified!

In order to create a playlist on Sporcle, you need to verify the email address you used during registration. Go to your Sporcle Settings to finish the process.

Report this User

Report this user for behavior that violates our Community Guidelines.

Details: